[Event "Greenland Open"]
[Site "Qaqortoq GRL"]
[Date "2003.06.28"]
[Round "2"]
[White "Stefansson,H"]
[Black "Einarsson,E"]
[Result "1-0"]
[WhiteElo "2565"]
[BlackElo "2095"]
[EventDate "2003.06.28"]

1. e4 Nf6 2. e5 Nd5 3. d4 d6 4. Nf3 Bg4 5. Be2 e6 6. c4 Nb6 7. exd6 cxd6 8.
O-O Be7 9. Nbd2 O-O 10. b4 Bf6 11. Bb2 Nc6 12. a3 d5 13. c5 Nc8 14. Nb3
N8e7 15. Qd2 Nf5 16. b5 Nce7 17. h3 Bxf3 18. Bxf3 Ng6 19. Rfe1 Bg5 20. Qc3
b6 21. a4 a6 22. Bg4 Nh6 23. Be2 axb5 24. axb5 Qc7 25. Ra6 bxc5 26. Qxc5
Qf4 27. Rxa8 Rxa8 28. b6 Nf5 29. Bc1 1-0

[Event "Greenland Open"]
[Site "Qaqortoq GRL"]
[Date "2003.06.28"]
[Round "2"]
[White "Hjartarson,J"]
[Black "Bjarnason,S"]
[Result "1-0"]
[WhiteElo "2634"]
[BlackElo "2258"]
[EventDate "2003.06.28"]

1. d4 Nf6 2. c4 e6 3. Nf3 b6 4. e3 Bb7 5. Bd3 Be7 6. O-O O-O 7. Nc3 d5 8.
b3 Ne4 9. Bb2 Nd7 10. cxd5 exd5 11. Qc2 Ndf6 12. Rfd1 a6 13. Rac1 Re8 14.
Ne5 Bd6 15. Ne2 Qe7 16. f3 Ng5 17. Ng3 g6 18. Qf2 c5 19. f4 Nge4 20. Nxe4
Nxe4 21. Bxe4 Bxe5 22. dxe5 dxe4 23. Rd6 b5 24. Rxc5 Rac8 25. b4 Rxc5 26.
bxc5 Qc7 27. Bd4 Qa5 28. f5 Qb4 29. h3 Bc8 30. e6 fxe6 31. fxg6 1-0

[Event "Greenland Open"]
[Site "Qaqortoq GRL"]
[Date "2003.06.28"]
[Round "2"]
[White "Sokolov,I"]
[Black "Karason,A"]
[Result "1-0"]
[WhiteElo "2677"]
[BlackElo "2259"]
[EventDate "2003.06.28"]

1. d4 Nf6 2. c4 e6 3. Nf3 Bb4+ 4. Bd2 Qe7 5. g3 Nc6 6. Na3 Ba5 7. Nb1 Bb4
8. Nc3 Bxc3 9. Bxc3 Ne4 10. Bg2 O-O 11. Rc1 d6 12. d5 Nxc3 13. Rxc3 Nb8 14.
dxe6 fxe6 15. O-O Nc6 16. Nd4 Bd7 17. c5 Rac8 18. Nxc6 Bxc6 19. Bxc6 bxc6
20. Qa4 Qd7 21. Rb3 Rb8 22. Qxa7 Ra8 23. Qb7 Rxa2 24. cxd6 Qxd6 25. Rc3 Qe5
26. Rc2 Qb5 27. Qxb5 cxb5 28. Rc6 Re8 29. Rd1 Kf7 30. Rd7+ Kf6 31. e4 Ra7
32. h3 h5 33. h4 1-0

[Event "Greenland Open"]
[Site "Qaqortoq GRL"]
[Date "2003.06.28"]
[Round "3"]
[White "Naes,F"]
[Black "Stefansson,H"]
[Result "1-0"]
[WhiteElo "2324"]
[BlackElo "2565"]
[EventDate "2003.06.28"]

1. Nf3 d5 2. d4 c6 3. c4 Nf6 4. cxd5 cxd5 5. Nc3 Nc6 6. Bf4 a6 7. e3 Bg4 8.
Be2 e6 9. O-O Be7 10. Rc1 O-O 11. h3 Bh5 12. Ne5 Bxe2 13. Nxc6 bxc6 14.
Qxe2 Nd7 15. Na4 Qa5 16. b3 Qb5 17. Qg4 Rfc8 18. Rc2 c5 19. dxc5 Rc6 20.
Rfc1 Rac8 21. Bg5 Bf8 22. e4 d4 23. Rc4 Ne5 24. Qg3 Nxc4 25. Rxc4 Kh8 26.
Rxd4 Bxc5 27. Rd7 Bf8 28. Rxf7 Qe2 29. Be7 Rc1+ 30. Kh2 Qd1 31. Qe5 Qh1+
32. Kg3 Rg1 33. Bxf8 Qxg2+ 34. Kh4 Qg6 35. Bxg7+ Kg8 36. Rf6 Qe8 37. Rxe6
Qf7 38. Rf6 Qd7 39. Nc5 Qa7 40. Bh6 Ra8 41. Qe6+ Kh8 42. Rf7 1-0

[Event "Greenland Open"]
[Site "Qaqortoq GRL"]
[Date "2003.06.28"]
[Round "3"]
[White "Danielsen,Hen"]
[Black "Sokolov,I"]
[Result "0-1"]
[WhiteElo "2501"]
[BlackElo "2677"]
[EventDate "2003.06.28"]

1. d4 Nf6 2. Nf3 d5 3. c4 c6 4. e3 Bg4 5. Nc3 e6 6. h3 Bh5 7. Be2 Nbd7 8.
O-O Bxf3 9. gxf3 Bd6 10. b3 O-O 11. Bb2 a6 12. Kh1 Rc8 13. Rg1 Qe7 14. f4
Bc7 15. c5 g6 16. Bd3 Ne8 17. Qg4 Ng7 18. Rg2 Rce8 19. Rag1 Kh8 20. Nb1 Nf6
21. Qh4 Bd8 22. f3 Nf5 23. Qf2 Nh5 24. Nd2 Nh4 25. Rg5 Nf5 26. Nf1 Qd7 27.
R5g4 Bf6 28. Bc3 Qd8 29. Be1 Rg8 30. a4 Rg7 31. b4 Reg8 32. b5 axb5 33.
axb5 Qe7 34. Qa2 Rb8 35. Qa7 Rgg8 0-1

[Event "Greenland Open"]
[Site "Qaqortoq GRL"]
[Date "2003.06.28"]
[Round "3"]
[White "Pokorna,Reg"]
[Black "Hjartarson,J"]
[Result "0-1"]
[WhiteElo "2418"]
[BlackElo "2634"]
[EventDate "2003.06.28"]

1. e4 e6 2. d4 d5 3. Nd2 Nf6 4. e5 Nfd7 5. Bd3 c5 6. c3 Nc6 7. Ne2 cxd4 8.
cxd4 f6 9. Nf4 Nxd4 10. Qh5+ Ke7 11. Ng6+ hxg6 12. exf6+ Kxf6 13. Qxh8 Kf7
14. f4 Nc5 15. Bb1 Bd7 16. O-O Bb5 17. Rf2 Ne2+ 18. Kh1 Nxc1 19. Nf3 N5d3
20. Bxd3 Nxd3 21. Ne5+ Ke8 22. Rf3 Nc5 23. Nxg6 Qf6 24. Ne5 Ne4 25. Rc1 Kd8
26. f5 exf5 27. Ng4 Qe5 28. Rxf5 Qe8 29. Ne5 Nf6 30. Ng6 Bd3 31. Re5 Bxg6
32. Rxe8+ Kxe8 33. Qh3 Kf7 0-1

[Event "Greenland Open"]
[Site "Qaqortoq GRL"]
[Date "2003.06.29"]
[Round "4"]
[White "Olafsson,F"]
[Black "Gunnarsson,P"]
[Result "1-0"]
[WhiteElo "2452"]
[BlackElo "2019"]
[EventDate "2003.06.28"]

1. c4 c5 2. Nf3 Nc6 3. e3 e6 4. d4 d5 5. Nc3 Nf6 6. a3 Be7 7. dxc5 Bxc5 8.
b4 Bb6 9. Bb2 d4 10. exd4 Nxd4 11. c5 Nxf3+ 12. Qxf3 Bc7 13. Bb5+ Kf8 14.
O-O Rb8 15. Rad1 Qe7 16. Ne4 Nxe4 17. Qxe4 a6 18. Bc4 f6 19. f4 a5 20. Bd4
g6 21. b5 b6 22. Qe3 Kg7 23. cxb6 Bd6 24. Bxf6+ Qxf6 25. Rxd6 Re8 26. Qc5
Rb7 27. Rc6 Rb8 28. Qe5 Bb7 29. Rc7+ 1-0

[Event "Greenland Open"]
[Site "Qaqortoq GRL"]
[Date "2003.06.29"]
[Round "4"]
[White "Kristjansson,S"]
[Black "Naes,F"]
[Result "0-1"]
[WhiteElo "2406"]
[BlackElo "2324"]
[EventDate "2003.06.28"]

1. e4 e5 2. Nf3 Nc6 3. Bc4 Bc5 4. b4 Bxb4 5. c3 Be7 6. Qb3 Nh6 7. d4 Na5 8.
Qb5 Nxc4 9. Bxh6 gxh6 10. Qxc4 exd4 11. cxd4 Rg8 12. Nc3 d6 13. O-O Bh3 14.
Ne1 Qd7 15. f3 Bh4 16. Nd5 O-O-O 17. Nf4 d5 18. Qc5 b6 19. Qxd5 Qxd5 20.
Nxd5 Bxe1 21. Ne7+ Kb7 22. Nxg8 Bc3 23. Nxh6 Bxd4+ 24. Kh1 Bxa1 25. gxh3
Bb2 26. Nxf7 Rd7 27. Ng5 c5 28. f4 c4 29. e5 c3 30. e6 Rd3 31. Re1 c2 32.
f5 Rd1 0-1

[Event "Greenland Open"]
[Site "Qaqortoq GRL"]
[Date "2003.06.29"]
[Round "5"]
[White "Stefansson,H"]
[Black "Hjartarson,J"]
[Result "0-1"]
[WhiteElo "2565"]
[BlackElo "2634"]
[EventDate "2003.06.28"]

1. e4 e5 2. Nf3 Nc6 3. Bb5 a6 4. Ba4 Nf6 5. O-O Be7 6. Re1 b5 7. c3 O-O 8.
Bb3 d6 9. h3 h6 10. d4 Re8 11. Nbd2 Bf8 12. d5 Ne7 13. Nh2 Bd7 14. Ndf1 Ng6
15. Ng3 Nh7 16. Be3 Be7 17. c4 Bg5 18. Rc1 b4 19. c5 Bxe3 20. Rxe3 Ng5 21.
a3 bxa3 22. bxa3 Nf4 23. Bc2 Bc6 24. Ba4 Bxa4 25. Qxa4 Qf6 26. Nf5 Qg6 27.
Kf1 Nxd5 28. Nxh6+ Qxh6 29. exd5 f5 30. Qd7 Ne4 31. cxd6 cxd6 32. Rc7 Rf8
33. Nf3 Rab8 34. Rb7 Nc5 0-1

[Event "Greenland Open"]
[Site "Qaqortoq GRL"]
[Date "2003.06.29"]
[Round "5"]
[White "Danielsen,Hen"]
[Black "Hardarson,R"]
[Result "1/2-1/2"]
[WhiteElo "2501"]
[BlackElo "2278"]
[EventDate "2003.06.28"]

1. f4 d5 2. Nf3 c5 3. e3 Nf6 4. b3 g6 5. Bb2 Bg7 6. Be2 Nc6 7. O-O O-O 8.
Ne5 Qc7 9. Bf3 e6 10. Nxc6 Qxc6 11. d3 b5 12. Nd2 Bb7 13. Qe2 Qb6 14. Kh1
Rac8 15. a4 a6 16. Ra2 Rfd8 17. axb5 axb5 18. Rfa1 Ra8 19. Qe1 Ne8 20. Bxg7
Nxg7 21. e4 Rxa2 22. Rxa2 Ra8 23. Rxa8+ Bxa8 24. Qa1 Bc6 25. exd5 exd5 26.
Qe5 Qb7 27. Qd6 Ne6 28. f5 gxf5 29. Qg3+ Kf8 30. Qe5 Qc7 31. Qxf5 Qf4 32.
Qxf4 Nxf4 33. Kg1 Ke7 34. Kf2 Kd6 35. Bg4 h6 36. Kg3 Ng6 37. Bc8 Ne5 38.
Kh4 d4 39. g3 c4 40. bxc4 bxc4 41. dxc4 Kc5 42. Bg4 Kb4 43. Bf5 Kc3 44. Nb3
Ba4 45. Nxd4 Kxd4 46. Kh5 Nxc4 47. Kxh6 Ke5 48. Bd3 Nd6 49. Kg7 Ke6 50. h4
Ke7 51. h5 Ne8+ 52. Kh6 Bd7 53. Kg5 f6+ 54. Kf4 Kf8 55. g4 Kg7 56. g5 fxg5+
57. Kxg5 Bc6 58. Bg6 Nd6 59. h6+ Kh8 60. Kf6 Nc4 61. Ke6 Ne3 62. Kd6 Bb5
63. Kc5 Bd7 64. Kd6 Bg4 65. Ke5 Be2 66. c3 Ng4+ 67. Kd4 Nxh6 68. Bd3 Bf3
69. c4 Kg7 70. Kc5 Kf6 71. Kb6 Ke7 72. c5 Kd8 73. c6 Kc8 74. Ba6+ Kb8 75.
c7+ Ka8 1/2-1/2

[Event "Greenland Open"]
[Site "Qaqortoq GRL"]
[Date "2003.06.29"]
[Round "6"]
[White "Sokolov,I"]
[Black "Bjarnason,S"]
[Result "1/2-1/2"]
[WhiteElo "2677"]
[BlackElo "2258"]
[EventDate "2003.06.28"]

1. d4 Nf6 2. Nf3 e6 3. c4 b6 4. Nc3 Bb7 5. a3 d5 6. Qa4+ Qd7 7. Qc2 dxc4 8.
e4 c5 9. dxc5 Bxc5 10. Bxc4 O-O 11. O-O Qc8 12. Bd3 h6 13. Bf4 Nbd7 14.
Rac1 Re8 15. b4 Bf8 16. Qe2 e5 17. Bd2 Qb8 18. Nh4 a6 19. Nf5 Kh7 20. Bc4
g6 21. Nh4 Re7 22. f4 b5 23. Ba2 exf4 24. Bxf4 Ne5 25. Kh1 Bg7 26. Nf3 Nfd7
27. Nd5 Bxd5 28. Bxd5 Ra7 29. Nd4 Qe8 30. Be3 Nf6 31. Nf3 Nxd5 32. Bxa7 Nf4
33. Qd2 Nfd3 34. Bc5 Rd7 35. Nxe5 Bxe5 36. Qe3 Nxc1 37. Rxc1 Qd8 38. Qf3
Qg5 39. Rf1 h5 40. g3 Qg4 41. Be3 Qxf3+ 42. Rxf3 Kg7 43. Bf4 Bxf4 44. gxf4
Rd2 45. e5 Ra2 46. Rc3 Rf2 47. Rc6 Rxf4 48. e6 fxe6 49. Rxa6 Kf6 50. Ra5
Rf3 51. Kg2 Rb3 52. h4 e5 53. Kf2 Kf5 54. Ke2 Kg4 55. Rxb5 Rxa3 56. Rxe5
Kxh4 57. b5 Rb3 58. Kd2 g5 59. Kc2 Rb4 60. Kc3 Rb1 61. Kc2 Rb4 62. Kc3 Rb1
63. Kc2 1/2-1/2

[Event "Greenland Open"]
[Site "Qaqortoq GRL"]
[Date "2003.06.29"]
[Round "6"]
[White "Kristjansson,S"]
[Black "Danielsen,Hen"]
[Result "0-1"]
[WhiteElo "2406"]
[BlackElo "2501"]
[EventDate "2003.06.28"]

1. e4 d5 2. exd5 Qxd5 3. Nc3 Qa5 4. d4 c6 5. Bc4 Bf5 6. Nf3 Nf6 7. Bd2 e6
8. Nd5 Qd8 9. Nxf6+ gxf6 10. Bf4 Nd7 11. Qe2 Nb6 12. Bb3 a5 13. a3 Bd6 14.
Bg3 Nd5 15. Nh4 Bg6 16. Nxg6 hxg6 17. O-O-O Kf8 18. Qf3 Kg7 19. c4 Ne7 20.
Bc2 b5 21. h4 bxc4 22. h5 f5 23. h6+ Rxh6 24. Rxh6 Kxh6 25. Qe3+ Kg7 26.
Rh1 Bxg3 27. Qxg3 Qxd4 28. Rh4 Qf6 29. Rxc4 Rh8 30. Ba4 Rh1+ 31. Kc2 Re1
32. Qd3 Qe5 33. Kb3 Nd5 34. Bxc6 Re2 35. Rc2 Re4 36. Bxd5 Rd4 37. Qf3 Rxd5
38. Ka2 g5 39. Qc3 Kf6 40. b4 axb4 41. axb4 Rd4 42. Ka3 f4 43. Re2 Qd5 44.
Rd2 e5 45. Rxd4 exd4 46. Qd3 Ke5 47. b5 Qxg2 48. f3 Qf2 49. Qe4+ Kd6 50.
Qc6+ Ke5 51. Qe4+ Kf6 52. b6 Qe3+ 53. Qxe3 dxe3 54. b7 e2 55. b8=Q e1=Q 56.
Qh8+ Ke7 57. Qh5 Qc3+ 58. Ka2 Qe5 59. Kb3 Ke6 60. Kc2 Qf5+ 61. Kd2 Ke5 62.
Qh8+ Qf6 63. Qb8+ Qd6+ 0-1

[Event "Greenland Open"]
[Site "Qaqortoq GRL"]
[Date "2003.06.30"]
[Round "7"]
[White "Hardarson,R"]
[Black "Hjartarson,J"]
[Result "0-1"]
[WhiteElo "2278"]
[BlackElo "2634"]
[EventDate "2003.06.28"]

1. e4 c5 2. d4 cxd4 3. Qxd4 Nc6 4. Qe3 g6 5. Nc3 Bg7 6. Bd2 Nf6 7. O-O-O
O-O 8. e5 Ne8 9. f4 d6 10. Nf3 Be6 11. Be1 Qc7 12. Qf2 Qb6 13. Qxb6 axb6
14. exd6 Nxd6 15. Kb1 Bxc3 16. Bxc3 Ne4 17. Re1 Bxa2+ 18. Kc1 Bd5 19. Rxe4
Ra1+ 20. Kd2 Bxe4 21. b3 Rb1 22. Ne1 Rd8+ 23. Ke3 Bf5 24. h3 Rd6 25. g4 Be6
26. Bd3 b5 27. f5 Bd5 28. Rh2 b4 29. Bd2 Ra1 30. h4 e5 31. h5 g5 32. h6 f6
33. Be2 Rd8 34. Nd3 Ra2 35. Bd1 Bf7 36. Nf2 Ne7 37. Ne4 Nd5+ 38. Kf2 Kf8
39. Rh3 Ke7 40. Rd3 Ra6 41. Bf3 Rc6 42. Ke1 Rxc2 43. Nxg5 Rxd2 0-1

[Event "Greenland Open"]
[Site "Qaqortoq GRL"]
[Date "2003.06.30"]
[Round "8"]
[White "Danielsen,Hen"]
[Black "Oral,T"]
[Result "0-1"]
[WhiteElo "2501"]
[BlackElo "2537"]
[EventDate "2003.06.28"]

1. f4 c5 2. g3 d5 3. Bg2 Nf6 4. Nf3 b6 5. c4 e6 6. Ne5 Nbd7 7. Nc3 Bb7 8.
Qa4 Bd6 9. d3 Bxe5 10. fxe5 Ng4 11. O-O Ngxe5 12. cxd5 O-O 13. dxe6 Bxg2
14. Kxg2 fxe6 15. Bf4 Ng6 16. Bd6 Rxf1 17. Rxf1 Nf6 18. Ne4 Rc8 19. Qc4 Nd5
20. h4 0-1

[Event "Greenland Open"]
[Site "Qaqortoq GRL"]
[Date "2003.06.30"]
[Round "8"]
[White "Kristjansson,S"]
[Black "Stefansson,H"]
[Result "0-1"]
[WhiteElo "2406"]
[BlackElo "2565"]
[EventDate "2003.06.28"]

1. e4 c5 2. c3 d5 3. exd5 Qxd5 4. d4 Nf6 5. Nf3 e6 6. Be3 cxd4 7. cxd4 Nc6
8. Nc3 Qd6 9. a3 Be7 10. Bd3 O-O 11. Qe2 b6 12. Rd1 Bb7 13. Bg5 g6 14. O-O
Rad8 15. Bc4 Na5 16. Ba2 Rc8 17. Rfe1 Rfe8 18. Ne5 Nd5 19. Ne4 Qd8 20. Qf3
f5 21. Bh6 Rc2 22. Qg3 Bh4 23. Qf3 Rxb2 24. Rd2 Rxd2 25. Nxd2 Bg5 26. Bxg5
Qxg5 27. Ne4 Qe7 28. Nc3 Nb4 29. Qg3 Nxa2 30. Nxa2 Nc6 31. Nxg6 hxg6 32. d5
Nd4 33. Qxg6+ Kf8 34. dxe6 Qg7 35. Qxg7+ Kxg7 36. Nc3 Rxe6 37. Rd1 Kf6 38.
h4 Ne2+ 39. Nxe2 Rxe2 40. Rd8 Re7 41. Kh2 Rg7 42. f3 b5 43. Kh3 Ke5 44. h5
Kf4 45. Rd4+ Kg5 46. Rh4 Rh7 47. f4+ Kf6 48. g3 Bf3 0-1

[Event "Greenland Open"]
[Site "Qaqortoq GRL"]
[Date "2003.06.30"]
[Round "8"]
[White "Hjartarson,J"]
[Black "Sokolov,I"]
[Result "1-0"]
[WhiteElo "2634"]
[BlackElo "2677"]
[EventDate "2003.06.28"]

1. e4 e5 2. Nf3 Nc6 3. Bb5 a6 4. Ba4 Nf6 5. O-O Be7 6. Re1 d6 7. c3 Bg4 8.
d3 Nd7 9. Nbd2 b5 10. Bc2 Bg5 11. h3 Bxf3 12. Qxf3 O-O 13. Nf1 Bxc1 14.
Rexc1 Ne7 15. Ne3 c5 16. a4 Nb6 17. g3 Qc8 18. h4 f5 19. exf5 Nxf5 20. Nxf5
Rxf5 21. Qg4 Nxa4 22. d4 Rf7 23. Qe4 g6 24. Bb3 c4 25. Bxa4 bxa4 26. dxe5
Qb7 27. Qxc4 Qxb2 28. Rf1 Qb5 29. Qe4 Re8 30. e6 Rf6 31. Qxa4 Rexe6 32.
Qxa6 Qxa6 33. Rxa6 Re2 34. Rc6 Rc2 35. f3 Re6 36. Rf2 Rc1+ 37. Kg2 Re3 38.
Ra2 Rexc3 39. Ra8+ Kg7 40. Ra7+ Kg8 41. Rxd6 R1c2+ 42. Kh3 Rxf3 43. Rd8+
Rf8 44. Rdd7 Rf6 45. Rg7+ Kf8 46. Rxh7 Kg8 47. Rhg7+ Kf8 48. Rgb7 Re2 49.
Kg4 Rd6 50. Rb8+ Re8 51. Rxe8+ Kxe8 52. Kg5 Kf8 53. g4 Kg8 54. Kh6 Rd4 55.
g5 Rxh4+ 56. Kxg6 Kf8 57. Ra8+ Ke7 58. Kg7 1-0

[Event "Greenland Open"]
[Site "Qaqortoq GRL"]
[Date "2003.06.30"]
[Round "9"]
[White "Wuts,F"]
[Black "Hardarson,R"]
[Result "1/2-1/2"]
[WhiteElo "2294"]
[BlackElo "2278"]
[EventDate "2003.06.28"]

1. d4 Nf6 2. Nf3 c5 3. d5 g6 4. c4 b5 5. cxb5 d6 6. Nc3 a6 7. e4 Bg7 8. Bd3
O-O 9. O-O Nbd7 10. Qe2 axb5 11. Bxb5 Qb6 12. a4 Ba6 13. Ra3 Rfb8 14. Nd2
Bxb5 15. Nxb5 Ne8 16. Nc4 Qd8 17. Bd2 Ne5 18. Bc3 Nxc4 19. Qxc4 Nc7 20.
Bxg7 Kxg7 21. Rfa1 Kg8 22. h3 Qd7 23. b4 Nxb5 24. axb5 Rxa3 25. Rxa3 Qxb5
26. Qxb5 Rxb5 27. bxc5 Rxc5 28. Ra7 Kf8 29. f3 Rc2 30. Kh2 h5 31. h4 Rd2
32. Kg3 Rc2 33. Ra8+ Kg7 34. Re8 Kf6 35. Rd8 Rb2 36. Rd7 Ra2 37. Rc7 Rb2
38. Rc3 Re2 39. Rb3 Ra2 40. f4 Ra6 41. Kf3 e6 42. Rd3 Ke7 43. g3 Ra4 44. e5
exd5 45. Rxd5 dxe5 46. Rxe5+ Kf6 47. Re3 1/2-1/2